Wszyscy posłowie Razem sejmu X kadencji po zdjęciu - Statystyki

Ogólne statystyki
  • Ten quiz został rozwiązany 44 razy
  • Średni wynik to 3 z 5
Statystyki odpowiedzi
Obrazkowy Odpowiedź % Poprawnych
Adrian Zandberg
100%
Paulina Matysiak
77%
Marcelina Zawisza
56%
Maciej Konieczny
51%
Marta Stożek
26%
Nie znaleziono quizów pasujących do podanych kryteriów
Rozkład punktacji
Procent ludzi z każdym wynikiem
Percentyl według liczby udzielonych odpowiedzi
Twoja historia wyników
Nie rozwiązałeś tego quizu